Stories (Record no. 5937)
[ view plain ]
| 000 -LEADER | |
|---|---|
| fixed length control field | 00498cam a22001817i 4500 |
| 001 - CONTROL NUMBER | |
| control field | 19981802 |
| 005 - DATE AND TIME OF LATEST TRANSACTION | |
| control field | 20241216055959.0 |
| 008 - FIXED-LENGTH DATA ELEMENTS--GENERAL INFORMATION | |
| fixed length control field | 170830s2017 ce 000 f eng |
| 020 ## - INTERNATIONAL STANDARD BOOK NUMBER | |
| ISBN | 9789553109101 |
| 040 ## - CATALOGING SOURCE (பட்டியலாக்க மூலம்) | |
| Original cataloging agency | DLC |
| Language of cataloging | eng |
| Description conventions | rda |
| Transcribing agency | DLC |
| Modifying agency | DLC |
| 082 ## - DDC Classification | |
| DDC Edition Number | 22 |
| 100 1# - MAIN ENTRY--PERSONAL NAME | |
| Personal name | Thewarathanthri, Charulatha Abeysekara, |
| 245 10 - TITLE STATEMENT | |
| Title | Stories |
| Statement of responsibility, etc. | Charulatha Abeysekara Thewarathanthri. |
| 260 ## - PUBLICATION, DISTRIBUTION, ETC. | |
| Place of publication, distribution, etc. | Nugegoda |
| Name of publisher, distributor, etc. | Sarasavi Publishers |
| Date of publication, distribution, etc. | 2017 |
| 300 ## - PHYSICAL DESCRIPTION | |
| Extent (e.g. Volumes, Pages etc.) | 238, xii pages ; |
| 500 ## - GENERAL NOTE | |
| General note | A true story |
| 942 ## - Koha item type (Biblio) | |
| Koha item type | Books in Stacks (Lending) |
| Lost status | Damaged status | Collection code | Home library | Current library | Date acquired | Accession Number | Item type |
|---|---|---|---|---|---|---|---|
| Lending | WERC Library | WERC Library | 12/16/2024 | 7012 | Books in Stacks (Lending) |
